|
|
|
|
| LEADER |
00800 a2200193 4500 |
| 020 |
|
|
|a 9788183152983
|
| 082 |
|
|
|a 934
|b AJI/K.2
|
| 100 |
|
|
|a Ajit Kumar
|9 114712
|
| 245 |
|
|
|a Kailashnath hetu (v.2):
|b essays in prehistory, protohistory and historical archaeology/
|c by Ajit Kumar (ed.), Rajesh S V (ed.) and Abhayan G C (ed.)
|
| 260 |
|
|
|a New Delhi:
|b New Bharatiya Book Corporation,
|c 2017.
|
| 300 |
|
|
|a 412p-811p.
|e 50.9 Fig.
|
| 650 |
|
|
|a History Ancient India
|9 114713
|
| 650 |
|
|
|a History
|9 114714
|
| 700 |
|
|
|a Ajit Kumar (ed.)
|9 114715
|
| 700 |
|
|
|a Rajesh S V (ed.)
|9 114716
|
| 700 |
|
|
|a Abhayan G C (ed.)
|9 114717
|
| 942 |
|
|
|c BK
|
| 999 |
|
|
|c 141092
|d 141092
|
| 952 |
|
|
|0 0
|1 0
|4 0
|6 R_934_000000000000000_AJI_K_2
|7 0
|9 97348
|a SSUS
|b SSUS
|c REF
|d 2019-02-20
|g 3997.50
|o R 934 AJI/K.2
|p 093667
|r 2019-02-20
|w 2019-02-20
|y REF
|